| 000 | 00693nam a2200181Ia 4500 | ||
|---|---|---|---|
| 008 | 090124s9999 xx 000 0 und d | ||
| 082 | _b207096 | ||
| 100 | _aतिवारी सियाराम | ||
| 245 | _a नंदलाल बोस(भारतीय कला-नायक) | ||
| 250 | _a2 | ||
| 260 |
_bतिवारी सियाराम _c2006 |
||
| 300 | _a109 | ||
| 600 | _aतिवारी सियाराम | ||
| 630 | _a नंदलाल बोस(भारतीय कला-नायक) | ||
| 700 | _aतिवारी सियाराम | ||
| 730 | _a नंदलाल बोस(भारतीय कला-नायक) | ||
| 942 | _cBOOK | ||
| 999 |
_c189124 _d189124 |
||